| 000 | 00521nam a2200193Ia 4500 | ||
|---|---|---|---|
| 003 | OSt | ||
| 005 | 20240415163226.0 | ||
| 008 | 210210b1971 xxu||||| |||| 00| 0 eng d | ||
| 040 | _cAL | ||
| 041 | _akannada | ||
| 082 | _aK894.8 NAYA | ||
| 100 |
_aNAYIDU (G V B). _d ನಾಯ್ಡು (ಜಿವಿಬಿ) _9160393 |
||
| 245 |
_aAdake. _bಅಡಕೆ |
||
| 260 |
_aBengaluru _bMaisuru Vishvavidyanilaya _c1971 |
||
| 300 | _avi,55 | ||
| 690 |
_aKannada Miscellaneous _9160394 |
||
| 906 | _aSG00217 | ||
| 942 |
_2ddc _cBK |
||
| 999 |
_c111753 _d111753 |
||